Directory of institutions & individuals active in environmental training at tertiary level in Asia & the Pacific
Report of the second NETTLAP resources development workshop for education and training at tertiary level in environmental economics
Đã lưu trong:
| 格式: | 圖書 |
|---|---|
| 語言: | Undetermined |
| 出版: |
Bangkok
Network for Environmental Training at Tertiary Level in Asia and the Pacific
1993
|
| 主題: | |
| 標簽: |
添加標簽
沒有標簽, 成為第一個標記此記錄!
|
| Thư viện lưu trữ: | Trung tâm Học liệu Trường Đại học Cần Thơ |
|---|
| LEADER | 00837nam a2200193Ia 4500 | ||
|---|---|---|---|
| 001 | CTU_225722 | ||
| 008 | 210402s9999 xx 000 0 und d | ||
| 082 | |a 363.7 | ||
| 082 | |b D598/No.2 | ||
| 245 | 0 | |a Directory of institutions & individuals active in environmental training at tertiary level in Asia & the Pacific | |
| 245 | 0 | |c Edited by John E. Hay and Mahesh Pradhan | |
| 260 | |a Bangkok | ||
| 260 | |b Network for Environmental Training at Tertiary Level in Asia and the Pacific | ||
| 260 | |c 1993 | ||
| 520 | |a Report of the second NETTLAP resources development workshop for education and training at tertiary level in environmental economics | ||
| 650 | |a Environmental education,Giáo dục môi trường | ||
| 650 | |z Asia,Châu Á | ||
| 910 | |b nthai | ||
| 980 | |a Trung tâm Học liệu Trường Đại học Cần Thơ | ||